000
00325nam a2200133Ia 4500
005
20260328104343.0
008
260328s9999||||xx |||||||||||||| ||und||
100
_a
Pentak, Stephen
245
0
_a
Design Basics /
_c
Stephen Pentak
260
_b
Cengage Learning
300
_a
288 p.
650
_a
DISEÑO BASICO
942
_c
BK
999
_c
12183
_d
12183